Krankheit, Gesunheit

Saved in:
Bibliographic Details
Main Author: Prohl, Inken (Author)
Format: Chapter/Article Dictionary Entry or Article
Language:German
Published: 1999
In: Metzler-Lexikon Religion ; 2: Haar - Osho-Bewegung
Year: 1999, Pages: 246-252
Online Access: Get full text
Author Notes:Inken Prohl

MARC

LEADER 00000caa a22000002c 4500
001 1560992913
003 DE-627
005 20250326143035.0
007 tu
008 170719s1999 xx ||||| 00| ||ger c
035 |a (DE-627)1560992913 
035 |a (DE-576)490992919 
035 |a (DE-599)BSZ490992919 
035 |a (OCoLC)1340977190 
040 |a DE-627  |b ger  |c DE-627  |e rda 
041 |a ger 
084 |a 13  |2 sdnb 
100 1 |a Prohl, Inken  |d 1965-  |e VerfasserIn  |0 (DE-588)1020154241  |0 (DE-627)691123160  |0 (DE-576)167328999  |4 aut 
245 1 0 |a Krankheit, Gesunheit  |c Inken Prohl 
264 1 |c 1999 
300 |a 7 
336 |a Text  |b txt  |2 rdacontent 
337 |a ohne Hilfsmittel zu benutzen  |b n  |2 rdamedia 
338 |a Band  |b nc  |2 rdacarrier 
773 0 8 |i Enthalten in  |t Metzler-Lexikon Religion ; 2: Haar - Osho-Bewegung  |d Stuttgart : Metzler, 1999  |g (1999), Seite 246-252  |h 632 S.  |w (DE-627)1149226056  |w (DE-576)079226051  |z 3476015521  |7 nnam  |a Krankheit, Gesunheit 
773 1 8 |g year:1999  |g pages:246-252  |g extent:7  |a Krankheit, Gesunheit 
935 |c uwlx 
951 |a AR 
992 |a 20170719 
993 |a BookComponentPart 
994 |a 1999 
998 |g 1020154241  |a Prohl, Inken  |m 1020154241:Prohl, Inken  |d 910000  |d 950000  |d 950950  |e 910000PP1020154241  |e 950000PP1020154241  |e 950950PP1020154241  |k 0/910000/  |k 1/910000/950000/  |k 2/910000/950000/950950/  |p 1  |x j  |y j 
999 |a KXP-PPN1560992913  |e 2974477518 
BIB |a Y 
JSO |a {"recId":"1560992913","title":[{"title":"Krankheit, Gesunheit","title_sort":"Krankheit, Gesunheit"}],"type":{"bibl":"chapter"},"origin":[{"dateIssuedKey":"1999","dateIssuedDisp":"1999"}],"physDesc":[{"extent":"7 S."}],"id":{"eki":["1560992913"]},"person":[{"role":"aut","given":"Inken","display":"Prohl, Inken","family":"Prohl"}],"relHost":[{"origin":[{"dateIssuedDisp":"1999","dateIssuedKey":"1999","publisherPlace":"Stuttgart ; Weimar","publisher":"Metzler"}],"title":[{"title":"Haar - Osho-Bewegung"}],"type":{"bibl":"book"},"disp":"Krankheit, GesunheitMetzler-Lexikon Religion ; 2: Haar - Osho-Bewegung","recId":"1149226056","part":{"text":"(1999), Seite 246-252","year":"1999","extent":"7","pages":"246-252"},"physDesc":[{"noteIll":"Ill., Kt.","extent":"632 S."}],"id":{"isbn":["3476015521"],"eki":["1149226056"]},"language":["ger"],"relMultPart":[{"language":["ger"],"titleAlt":[{"title":"Lexikon Religion"}],"name":{"displayForm":["hrsg. von Christoph Auffarth ... unter Mitarb. von Agnes Imhof und Silvia Kurre"]},"ga":1,"title":[{"title":"Metzler-Lexikon Religion","subtitle":"Gegenwart - Alltag - Medien","title_sort":"Metzler-Lexikon Religion"}],"type":{"bibl":"edited-book"},"origin":[{"dateIssuedDisp":"1999-2005","publisher":"Metzler","publisherPlace":"Stuttgart ; Weimar","dateIssuedKey":"1999"}],"recId":"1144263794","person":[{"display":"Auffarth, Christoph","family":"Auffarth","role":"edt","given":"Christoph"}],"part":{"number":["2"],"number_sort":["2"]},"id":{"eki":["1144263794"],"isbn":["3476016781"]}}]}],"language":["ger"],"name":{"displayForm":["Inken Prohl"]}} 
SRT |a PROHLINKENKRANKHEITG1999